| 000 | 00000nam##2200000za#4500 |
| 001 | 9.535131 |
| 003 | CaOODSP |
| 005 | 20220623094110 |
| 007 | ta |
| 008 | 150406|2001||||xxc||||| f|0| 0 fre|d |
| 020 | |a0-662-65764-0 |
| 040 | |aCaOODSP|bfre |
| 041 | |aeng |
| 041 | |afre |
| 043 | |an-cn--- |
| 086 | 1 |aC21-23/27-2001 |
| 110 | 1 |aCanada. |bIndustrie Canada. |
| 245 | 13|aLa localisation des activités à plus grande valeur ajoutée / |cpar Steven Globerman. |
| 260 | |aOttawa - Ontario : |bIndustrie Canada |c2001. |
| 300 | |aTexte français, iv, 51p. : |bgraphiques, tableaux ; |c23 cm. |
| 490 | 1 |aDocument hors série|v27 |
| 500 | |a«Cette étude vise d'abord à reconnaître et à évaluer les conséquences de la formation des grappes industrielles dans l'optique de la localisation future des activités à coefficient élevé de technologie ou de savoir en Amérique du Nord.»--Sommaire. |
| 504 | |aBibliographie. |
| 520 | 3 |aCette étude vise d'abord à reconnaître et à évaluer les conséquences de la formation des grappes industrielles dans l'optique de la localisation future des activités à coefficient élevé de technologie ou de savoir en Amérique du Nord.--Sommaire |
| 546 | |aBilingue |
| 563 | |aCouverture souple |
| 590 | |a01-43|b2001-10-26 |
| 691 | 07|aTechnologie de l'information|2gcpds |
| 691 | 07|aPolitique industrielle|2gcpds |
| 720 | 1 |aHardi, Peter |
| 776 | 0#|tThe location of higher value-added activities : |w(CaOODSP)9.570626 |
| 776 | 0#|tLa localisation des activités à plus grande valeur ajoutée : |w(CaOODSP)9.601273 |
| 791 | |tThe location of higher value-added activities / |eeng|w(CaOODSP)9.535130 |
| 830 | #0|aDocument hors série (Canada. Industrie Canada)|v27|w(CaOODSP)9.509051 |